Statistiques concernant L'Uruguay pour les touristes...

Cliquez ici pour prendre le quiz!

Statistiques générales

  • Ce quiz a été pris 5 fois
  • Le résultat moyen est 12 sur 20

Statistiques - réponses

QuestionIndiceRéponses% Correct
La vitesse est limitée hors des villes à{110} km/h
100%
Combien d'heures (environ) mettrez-vous pour vous y rendre ? (en chiffres)15
100%
Dans la capitale quel est le décalage horaire avec Paris ? (+ ou - et chiffre) ex - 10- 5
100%
Quelles sont les langues officielles ?Espagnol
100%
Le principal aéroport estMMontevideo
100%
Avez-vous besoin d'un visa ? (oui/non)Non
100%
Quel est le climat local ?TTempéré
100%
Achats à faire2/ Veste enCuir
80%
La conduite se fait à droite ou à gauche ?Droite
80%
Quelles sont les langues officielles ?PPortugais
80%
Le suffixe internet estuy
80%
La religion majoritaire estCatholicisme
60%
Quelles sont les principaux lieux touristiques ?SColonia del {Sacramento}
40%
Quelle est la monnaie ?Peso uruguayen
40%
Quelles sont les principaux lieux touristiques ?EPunta del {Este}
40%
Achats à faire3/ Boisson localeYerba mate
20%
Comment se nomme la principale compagnie aérienne localeAir Class L
0%
Achats à faire1/ Pierre mauveAméthyste
0%
Quelles sont les principaux lieux touristiques ?LIle de {Lobos}
0%
Quelles sont les langues officielles ?PPortunol
0%

Distribution des résultats

Percentile par nombre de réponses

% des personnes avec chaque résultat

Votre développement - résultats

Vous n’avez pas pris ce quiz